Comparison of agrarian political parties in selected Central European states after 1989
Vznik a vývoj agrárnych politických strán a hnutí vo vybraných postkomunistických krajinách pohľadom klasických politologických teórií, zvlášť historicko-konfliktného prístupu (Stein Rokkan, Seymour Martin Lipset). Výsledky skúmania rozpori medzi mestom a vidiekom a jeho pôsobenie na genézu agrárnyc...
Salvato in:
| Autore principale: | |
|---|---|
| Altri autori: | |
| Natura: | Capitolo di libro |
| Lingua: | inglese |
| Soggetti: | |
| Tags: |
Nessun Tag, puoi essere il primo ad aggiungerne!!
|
MARC
| LEADER | 00000naa a2200000 4500 | ||
|---|---|---|---|
| 001 | r047783 | ||
| 005 | 20240717104342.6 | ||
| 041 | 0 | |a eng | |
| 044 | |a CZ | ||
| 245 | 1 | 0 | |a Comparison of agrarian political parties in selected Central European states after 1989 |c Petr Blažek, Michal Kubálek |
| 520 | |a Vznik a vývoj agrárnych politických strán a hnutí vo vybraných postkomunistických krajinách pohľadom klasických politologických teórií, zvlášť historicko-konfliktného prístupu (Stein Rokkan, Seymour Martin Lipset). Výsledky skúmania rozpori medzi mestom a vidiekom a jeho pôsobenie na genézu agrárnych politických strán vo vybraných postkomunistických krajinách po roku 1989 potvrdzujú závery týchto teórií. | ||
| 610 | 2 | 0 | |a strany politické |
| 610 | 2 | 0 | |a poľnohospodárstvo |
| 610 | 2 | 0 | |a politológia |
| 610 | 2 | 0 | |a vidiek |
| 610 | 2 | 0 | |a SVE |
| 610 | 2 | 0 | |a hnutie politické |
| 610 | 2 | 0 | |a teórie politické |
| 610 | 2 | 0 | |a Slovensko |
| 610 | 2 | 0 | |a Česko |
| 610 | 2 | 0 | |a systémy politické |
| 100 | 1 | |a Blažek, Petr | |
| 700 | 1 | |a Kubálek, Michal | |